[Event "División de Honor Aragonesa 2022"]
[Site "Aragon"]
[Date "2022.01.29"]
[Round "1.26"]
[White "Carbonel Sanchez, Andres"]
[Black "Romero Pallares, Daniel"]
[Result "1/2-1/2"]
[WhiteElo "1936"]
[BlackElo "2270"]
[PlyCount "133"]
[EventDate "2022.01.29"]
[WhiteTeam "Tauste"]
[BlackTeam "Palacio De Pioneros A"]

1. e4 c5 2. Nf3 d6 3. d4 cxd4 4. Nxd4 Nf6 5. Nc3 Nc6 6. h3 e5 7. Nf3 Be7 8. Bc4
Be6 9. Qe2 O-O 10. O-O Rc8 11. Bb3 Na5 12. Rd1 Nc6 13. Bg5 Ne8 14. Bxe7 Qxe7
15. Nd5 Bxd5 16. Rxd5 Nc7 17. Rd2 Ne6 18. c3 Nf4 19. Qe3 Rfd8 20. g3 Ne6 21.
Nh4 g6 22. Rad1 Na5 23. Bxe6 fxe6 24. b3 b5 25. Nf3 Nc6 26. Qg5 Qf8 27. Qg4 Qe7
28. Ng5 Re8 29. h4 Rcd8 30. Rd3 h6 31. Nf3 Kh7 32. Kg2 Nb8 33. Nh2 Nc6 34. b4
Rd7 35. Qe2 Red8 36. h5 g5 37. Ng4 a6 38. Rf3 Rf8 39. Rdd3 Rdd8 40. Qd1 Rxf3
41. Rxf3 Rf8 42. Rxf8 Qxf8 43. Qd3 Kg7 44. Qe3 Qb8 45. f4 Qd8 46. f5 Qd7 47.
f6+ Kh7 48. Qf2 Nd8 49. Qb6 Nf7 50. Qb8 Nd8 51. f7 Kg7 52. Nxh6 Qe7 53. Ng8 Qf8
54. Qc7 Nxf7 55. Ne7 Qa8 56. Nc6 Qf8 57. Qd7 Kf6 58. g4 Kg7 59. Qxe6 Qa8 60.
Qd5 Qc8 61. Kg3 Nh6 62. Qxd6 Qxg4+ 63. Kf2 Qf4+ 64. Kg1 Qg3+ 65. Kf1 Qf3+ 66.
Kg1 Qg3+ 67. Kf1 1/2-1/2

[Event "División de Honor Aragonesa 2022"]
[Site "Aragon"]
[Date "2022.01.29"]
[Round "1.27"]
[White "Garcia Gonzalez, Omar"]
[Black "Muro Turon, Raul"]
[Result "1-0"]
[WhiteElo "2057"]
[BlackElo "1834"]
[PlyCount "67"]
[EventDate "2022.01.29"]
[WhiteTeam "Palacio De Pioneros A"]
[BlackTeam "Tauste"]

1. e4 e5 2. d4 exd4 3. Qxd4 Nc6 4. Qe3 Bb4+ 5. Nc3 Nf6 6. Bd2 O-O 7. O-O-O Re8
8. Bc4 d6 9. f3 Be6 10. Bxe6 Rxe6 11. Qg5 Ne5 12. Nge2 Nfd7 13. Qf5 Qf6 14. Nd5
Bxd2+ 15. Rxd2 Qd8 16. Nd4 Re8 17. Ne3 Nf6 18. g4 Ng6 19. Qb5 b6 20. h4 Nd7 21.
h5 Re5 22. Qf1 Ne7 23. Qg2 Nc5 24. Nc4 Qe8 25. Nxe5 dxe5 26. Nf5 Nc6 27. g5 Qe6
28. b3 a5 29. g6 fxg6 30. hxg6 h6 31. Qh3 Ne7 32. Nxh6+ gxh6 33. Qxh6 Qf6 34.
Rdh2 1-0

[Event "División de Honor Aragonesa 2022"]
[Site "Aragon"]
[Date "2022.01.29"]
[Round "1.28"]
[White "Hinojar Basa, Alfonso"]
[Black "Gomez Salinas, Nestor"]
[Result "1/2-1/2"]
[WhiteElo "2125"]
[BlackElo "2068"]
[PlyCount "69"]
[EventDate "2022.01.29"]
[WhiteTeam "Marcos Frechin"]
[BlackTeam "Palacio De Pioneros B"]

1. e4 c5 2. Nf3 d6 3. d4 cxd4 4. Nxd4 Nf6 5. Nc3 a6 6. g3 g6 7. Bg2 Bg7 8. O-O
O-O 9. h3 Nbd7 10. a4 Qc7 11. Nd5 Nxd5 12. exd5 Nf6 13. Re1 Re8 14. b3 Nxd5 15.
Bxd5 Qc5 16. Ne2 Bxa1 17. Be3 Qa5 18. b4 Qxa4 19. Qxa1 Qxa1 20. Rxa1 Bxh3 21.
Bxb7 Rab8 22. Bf3 Rxb4 23. Rxa6 Bg4 24. Bxg4 Rxg4 25. f4 g5 26. fxg5 f6 27.
gxf6 Re4 28. Kf2 exf6 29. Ra3 h5 30. Nf4 Rc4 31. Nxh5 Rxc2+ 32. Kf3 Kf7 33. Rd3
Rc6 34. g4 Ra6 35. Ng3 1/2-1/2

[Event "División de Honor Aragonesa 2022"]
[Site "Aragon"]
[Date "2022.01.29"]
[Round "1.29"]
[White "Castillo Sanjuan, Daniel"]
[Black "Miranda Herrera, Jorge Manuel"]
[Result "1-0"]
[WhiteElo "1997"]
[BlackElo "2051"]
[PlyCount "105"]
[EventDate "2022.01.29"]
[WhiteTeam "Palacio De Pioneros B"]
[BlackTeam "Marcos Frechin"]

1. e4 d6 2. d4 Nf6 3. Nc3 e5 4. Nf3 Nbd7 5. Bc4 Be7 6. a4 O-O 7. O-O c6 8. Bb3
h6 9. h3 Re8 10. Re1 Bf8 11. Be3 b6 12. Qd3 Bb7 13. Rad1 a6 14. dxe5 dxe5 15.
Nh4 Qc7 16. Nf5 Rad8 17. Ba2 Nc5 18. Qe2 Rxd1 19. Rxd1 b5 20. Qf3 b4 21. Nxh6+
gxh6 22. Qxf6 Ne6 23. Ne2 Bg7 24. Qf3 c5 25. Bc4 Nd4 26. Bxd4 cxd4 27. b3 a5
28. Ng3 Bc8 29. Nf5 Be6 30. Qg4 Bxf5 31. Qxf5 Re7 32. Rd3 Qd7 33. Qh5 Kh7 34.
Rf3 f6 35. Rg3 Qe8 36. Qf5+ Kh8 37. Rg4 Qd7 38. Qf3 Kh7 39. Rh4 Qc8 40. Rh5 Rc7
41. Qe2 Rxc4 42. bxc4 Qe8 43. Rf5 Qxa4 44. Rf3 Qc6 45. Rg3 a4 46. Qg4 Qb7 47.
Qg6+ Kh8 48. Qe8+ Kh7 49. Qxa4 Kg8 50. Qe8+ Kh7 51. c5 b3 52. Qg6+ Kh8 53. Rxb3
1-0

[Event "División de Honor Aragonesa 2022"]
[Site "Aragon"]
[Date "2022.01.29"]
[Round "1.30"]
[White "Ciriano Lamban, Alejandro"]
[Black "Bruna Barranco, Ignacio"]
[Result "1-0"]
[WhiteElo "2028"]
[BlackElo "1604"]
[PlyCount "53"]
[EventDate "2022.01.29"]
[WhiteTeam "Marcos Frechin"]
[BlackTeam "Palacio De Pioneros B"]

1. d4 d5 2. c4 c6 3. Nf3 Nf6 4. Nc3 dxc4 5. a4 Bf5 6. Bg5 Nbd7 7. e3 Qb6 8.
Bxc4 Qxb2 9. Rc1 Qb4 10. Nd2 e6 11. O-O Be7 12. e4 Bg6 13. Qf3 Qa5 14. e5 Nd5
15. Bxe7 Nxe7 16. h4 h6 17. h5 Bh7 18. Bxe6 fxe6 19. Nc4 Qb4 20. Nd6+ Kd8 21.
Nf7+ Kc7 22. Nb5+ Kb6 23. Nfd6 Nd5 24. Nc4+ Ka6 25. Qxd5 cxb5 26. axb5+ Qxb5
27. Ra1+ 1-0

[Event "División de Honor Aragonesa 2022"]
[Site "Aragon"]
[Date "2022.01.29"]
[Round "1.31"]
[White "Crespo Laborda, Alberto"]
[Black "Moya Gimeno, Raul"]
[Result "0-1"]
[WhiteElo "1552"]
[BlackElo "1877"]
[PlyCount "44"]
[EventDate "2022.01.29"]
[WhiteTeam "Palacio De Pioneros B"]
[BlackTeam "Marcos Frechin"]

1. d4 Nf6 2. c4 g6 3. Nc3 Bg7 4. e4 d6 5. Nf3 O-O 6. Be2 e5 7. Be3 Nc6 8. O-O
Ng4 9. Bg5 f6 10. Bh4 Qd7 11. d5 Ne7 12. b4 g5 13. h3 Nh6 14. Bg3 Kh8 15. Nd2
Ng6 16. Nb3 Nf4 17. c5 Rg8 18. Bxf4 gxf4 19. f3 Bf8 20. Kh2 Rxg2+ 21. Kxg2
Qxh3+ 22. Kf2 Qg3# 0-1

[Event "Preferente Aragonesa 2022 - Grupo I"]
[Site "?"]
[Date "2022.01.29"]
[Round "1.32"]
[White "Malo Guillen, Jose Luis"]
[Black "Carruez Berges, Fernando"]
[Result "1-0"]
[WhiteElo "2118"]
[BlackElo "2012"]
[PlyCount "83"]
[EventDate "2022.01.29"]
[WhiteTeam "Las Fuentes"]
[BlackTeam "Agrupacion B"]

1. d4 Nf6 2. c4 g6 3. Nf3 Bg7 4. g3 O-O 5. Bg2 d6 6. O-O Nc6 7. Nc3 e5 8. d5
Ne7 9. c5 Nd7 10. cxd6 cxd6 11. e4 h6 12. Nd2 Nb6 13. a4 Bd7 14. a5 Nbc8 15.
Qb3 Rb8 16. Nc4 f5 17. Nb5 Bxb5 18. Qxb5 a6 19. Qb4 fxe4 20. Bxe4 Nf5 21. Be3
Nxe3 22. fxe3 Rxf1+ 23. Rxf1 b5 24. Bxg6 Qg5 25. Bf5 Ne7 26. Be6+ Kh7 27. Nxd6
Qxe3+ 28. Kg2 Rf8 29. Qe4+ Qxe4+ 30. Nxe4 Rd8 31. d6 Nc6 32. Rf7 Nd4 33. Bd5
Kg6 34. Ra7 Bf8 35. Rxa6 Kf5 36. Rb6 Nc2 37. Bb7 Ne3+ 38. Kf3 Nc4 39. g4+ Ke6
40. Rxb5 Nxd6 41. Nxd6 Bxd6 42. a6 1-0

[Event "Preferente Aragonesa 2022 - Grupo I"]
[Site "?"]
[Date "2022.01.29"]
[Round "1.33"]
[White "Carruez Berges, Santiago"]
[Black "Brosa Soto, Jesus"]
[Result "1-0"]
[WhiteElo "1971"]
[BlackElo "1966"]
[PlyCount "147"]
[EventDate "2022.01.29"]
[WhiteTeam "Agrupacion B"]
[BlackTeam "Las Fuentes"]

1. e4 d6 2. d4 g6 3. Nf3 Bg7 4. Nc3 Nc6 5. d5 Nb8 6. Be3 Nf6 7. Be2 Nbd7 8. Nd4
Nc5 9. f3 e5 10. Nb3 Nxb3 11. axb3 a6 12. Qd2 O-O 13. Bg5 h6 14. Bh4 Kh7 15. g4
Qe8 16. Nb5 Qd7 17. Na3 b6 18. Nc4 Bb7 19. b4 Ng8 20. Bf2 Qe8 21. h4 Ne7 22. h5
g5 23. O-O Nc8 24. Rfd1 Bf6 25. Ne3 Bd8 26. Ra3 c5 27. dxc6 Qxc6 28. Rda1 b5
29. Nd5 Qd7 30. Rc3 Kg7 31. Kg2 Rb8 32. Ne3 Re8 33. Rd3 Re6 34. Nd5 Bxd5 35.
Rxd5 Qb7 36. b3 Bb6 37. Be1 Na7 38. Rxd6 Rxd6 39. Qxd6 f6 40. Bf2 Nc8 41. Qd5
Qc7 42. Bxb6 Rxb6 43. Bd3 Rd6 44. Qc5 Rc6 45. Qe3 Nd6 46. Kf2 Qc8 47. Ke2 Qc7
48. Kd2 Qb6 49. Qxb6 Rxb6 50. Kc3 Kf8 51. Kb2 Ke7 52. Rc1 Kd7 53. Ka3 Rc6 54.
c4 Kc7 55. Kb2 Kb7 56. Kc3 Rc7 57. Be2 Nf7 58. Rd1 Kb6 59. Rd5 Rc6 60. Rd7 Rc7
61. Rd5 Rc6 62. Kb2 Kc7 63. cxb5 axb5 64. Bxb5 Rd6 65. Rc5+ Kd8 66. Bc4 Rd7 67.
Be6 Ra7 68. Bxf7 Rxf7 69. Rc6 Rf8 70. Ra6 Kc7 71. Ka3 Kb7 72. Re6 Ra8+ 73. Kb2
Rf8 74. b5 1-0

[Event "Preferente Aragonesa 2022 - Grupo I"]
[Site "?"]
[Date "2022.01.29"]
[Round "1.34"]
[White "Matamoros Villarreal, Antonio"]
[Black "Carruez Gracia, Eduardo"]
[Result "0-1"]
[WhiteElo "1883"]
[BlackElo "1934"]
[PlyCount "112"]
[EventDate "2022.01.29"]
[WhiteTeam "Las Fuentes"]
[BlackTeam "Agrupacion B"]

1. d4 e6 2. Bf4 b6 3. e3 Bb7 4. Nf3 f5 5. c4 Nf6 6. Be2 Bb4+ 7. Nc3 Ne4 8. Rc1
O-O 9. O-O Bxc3 10. bxc3 d6 11. h3 g5 12. Bh2 g4 13. hxg4 fxg4 14. Nd2 g3 15.
fxg3 Rxf1+ 16. Nxf1 Nc6 17. Bd3 Ng5 18. e4 Qf6 19. Qe2 Rf8 20. g4 Ne7 21. Nd2
Qh6 22. Rf1 Rxf1+ 23. Qxf1 Ng6 24. Qf2 e5 25. Bg3 Ne6 26. Nf1 Ngf4 27. Bc2 Ng5
28. Bxf4 exf4 29. Nd2 f3 30. Nxf3 Nxe4 31. Bxe4 Bxe4 32. Qh4 Qxh4 33. Nxh4 Bb1
34. a3 Ba2 35. c5 bxc5 36. dxc5 dxc5 37. Kf2 Kf7 38. Ke3 Kf6 39. Nf3 Be6 40.
Kf4 Bd5 41. g5+ Ke6 42. Nh4 Bb7 43. Nf5 Bxg2 44. Ne3 Bb7 45. Nd1 Ba6 46. Ne3
Bd3 47. Nd1 Kd6 48. Ne3 Kc6 49. Nd1 Bg6 50. Ke5 Bf7 51. Nb2 Bb3 52. Nd3 Kb5 53.
Nb2 Bc2 54. Kd5 Kb6 55. Ke6 Kc6 56. Nc4 Bb3 0-1

[Event "Preferente Aragonesa 2022 - Grupo I"]
[Site "?"]
[Date "2022.01.29"]
[Round "1.35"]
[White "Larrosa Poves, Jose Manuel"]
[Black "Edeso Perez, Francisco"]
[Result "1/2-1/2"]
[WhiteElo "1912"]
[BlackElo "1766"]
[PlyCount "71"]
[EventDate "2022.01.29"]
[WhiteTeam "Agrupacion B"]
[BlackTeam "Las Fuentes"]

1. d4 d5 2. Nf3 Nf6 3. c4 c6 4. Nc3 e6 5. e3 Be7 6. Qc2 O-O 7. Bd3 Nbd7 8. O-O
g6 9. b3 b6 10. cxd5 cxd5 11. a4 Bb7 12. Bd2 Rc8 13. Qb1 Kg7 14. b4 Ne8 15. Rc1
Nd6 16. Nb5 a6 17. Nxd6 Bxd6 18. b5 a5 19. Qb2 Kg8 20. Rxc8 Bxc8 21. Rc1 Qe7
22. Bc3 Ba3 23. Qa1 Bxc1 24. Qxc1 Bb7 25. Bd2 Rc8 26. Qb2 f5 27. g3 Nf6 28. Ne5
Ne4 29. Kf1 Nxd2+ 30. Qxd2 Qc7 31. Ke2 Kg7 32. h4 h6 33. f4 Qd8 34. Nf3 Qe7 35.
Qb2 Rc7 36. Kd2 1/2-1/2

[Event "Preferente Aragonesa 2022 - Grupo I"]
[Site "?"]
[Date "2022.01.29"]
[Round "1.36"]
[White "Sanjuan Segura, Ignacio"]
[Black "Antonano Fernandez - Quincoce, Avelino"]
[Result "0-1"]
[WhiteElo "1681"]
[BlackElo "2024"]
[PlyCount "51"]
[EventDate "2022.01.29"]
[WhiteTeam "Palacio De Pioneros D"]
[BlackTeam "MyInvestor Casablanca B"]

1. d4 Nf6 2. Bg5 g6 3. Nd2 Bg7 4. e3 b6 5. Ngf3 Bb7 6. Be2 O-O 7. O-O c5 8. c4
cxd4 9. Nxd4 d6 10. Bf3 Qc8 11. Rc1 Nc6 12. Nxc6 Bxc6 13. a3 Qb7 14. b4 a5 15.
Bxc6 Qxc6 16. Qb3 axb4 17. axb4 Rfc8 18. Rb1 Ra7 19. Rfc1 Rca8 20. Qd1 h6 21.
Bh4 Ra2 22. h3 g5 23. Bg3 Nd7 24. Nf3 Qe4 25. Nd4 Be5 26. Ne2 {Ilegible} 0-1

[Event "Preferente Aragonesa 2022 - Grupo I"]
[Site "?"]
[Date "2022.01.29"]
[Round "1.37"]
[White "Gerss, Martin"]
[Black "Campana Valencia, Lidia"]
[Result "1-0"]
[WhiteElo "1863"]
[BlackElo "1560"]
[PlyCount "41"]
[EventDate "2022.01.29"]
[WhiteTeam "MyInvestor Casablanca B"]
[BlackTeam "Palacio De Pioneros D"]

1. e4 e6 2. c4 d5 3. cxd5 exd5 4. Qb3 Nf6 5. e5 Ne4 6. d4 c6 7. Bd3 Be7 8. Nc3
Ng5 9. f4 Ne6 10. Nf3 O-O 11. O-O Nc7 12. Qc2 h6 13. f5 c5 14. f6 gxf6 15. Bxh6
Re8 16. Qf2 Ne6 17. exf6 Bxf6 18. Ne5 Nd7 19. Nxd5 a6 20. Nxf6+ Nxf6 21. Qg3+
1-0

[Event "Preferente Aragonesa 2022 - Grupo I"]
[Site "?"]
[Date "2022.01.29"]
[Round "1.38"]
[White "Herranz Gracia, Diego"]
[Black "Torres Montes, Juan"]
[Result "1-0"]
[WhiteElo "1460"]
[BlackElo "1543"]
[PlyCount "45"]
[EventDate "2022.01.29"]
[WhiteTeam "Palacio De Pioneros D"]
[BlackTeam "MyInvestor Casablanca B"]

1. d4 b6 2. Bf4 Bb7 3. e3 e6 4. Nd2 d6 5. Ngf3 Nd7 6. Bd3 Qe7 7. Bg3 e5 8. dxe5
dxe5 9. e4 O-O-O 10. Qe2 Kb8 11. Ba6 Ba8 12. O-O h5 13. h3 g5 14. Qc4 f6 15.
Nb3 h4 16. Bh2 Qh7 17. Rfe1 Nc5 18. Rad1 Rd7 19. Nxc5 Bxc5 20. Qe6 Qe7 21. Rxd7
Qxe6 22. Rd8+ Qc8 23. Rxc8# 1-0

[Event "Preferente Aragonesa 2022 - Grupo I"]
[Site "?"]
[Date "2022.01.29"]
[Round "1.39"]
[White "Muro Guerrero, Miguel"]
[Black "Millan Martin, Alfonso"]
[Result "1-0"]
[WhiteElo "1906"]
[BlackElo "1953"]
[PlyCount "31"]
[EventDate "2022.01.29"]
[WhiteTeam "Dr. Azua"]
[BlackTeam "IberCaja B"]

1. e4 d5 2. exd5 Qxd5 3. Nc3 Qd8 4. Bc4 Nf6 5. d4 a6 6. a4 Nc6 7. Nge2 e5 8. d5
Nb4 9. O-O Bf5 10. Bb3 c6 11. Ng3 Qd7 12. Qe2 Nbxd5 13. Qxe5+ Be6 14. Nxd5 Nxd5
15. Rd1 Qc7 16. Rxd5 1-0

[Event "Preferente Aragonesa 2022 - Grupo I"]
[Site "?"]
[Date "2022.01.29"]
[Round "1.40"]
[White "Garcia Monterde, Francisco Jose"]
[Black "Garcia Garcia, Enrique"]
[Result "1/2-1/2"]
[WhiteElo "1801"]
[BlackElo "1788"]
[PlyCount "38"]
[EventDate "2022.01.29"]
[WhiteTeam "IberCaja B"]
[BlackTeam "Dr. Azua"]

1. c4 c5 2. Nc3 Nc6 3. g3 g6 4. Bg2 Bg7 5. Nf3 e6 6. e3 Nge7 7. O-O d5 8. cxd5
Nxd5 9. d4 cxd4 10. exd4 O-O 11. Be3 Qb6 12. Qd2 Bd7 13. a3 Na5 14. Nxd5 exd5
15. Qb4 Bb5 16. Rfd1 Nc6 17. Qd2 Na5 18. Qb4 Nc6 19. Qd2 Na5 1/2-1/2

[Event "Preferente Aragonesa 2022 - Grupo I"]
[Site "?"]
[Date "2022.01.29"]
[Round "1.41"]
[White "Casas Castillero, Jose Antonio"]
[Black "Garcia Acin, Pablo"]
[Result "0-1"]
[WhiteElo "1719"]
[BlackElo "1757"]
[PlyCount "66"]
[EventDate "2022.01.29"]
[WhiteTeam "Dr. Azua"]
[BlackTeam "IberCaja B"]

1. d4 Nf6 2. c4 e6 3. Nc3 Bb4 4. a3 Bxc3+ 5. bxc3 b6 6. Nf3 Nc6 7. Bg5 h6 8.
Bh4 d6 9. e4 Qd7 10. Bxf6 gxf6 11. d5 Na5 12. Rb1 Ba6 13. Rb4 c5 14. dxc6 Nxc6
15. Ra4 Bb7 16. Nd4 Nxd4 17. cxd4 Bxe4 18. d5 Ke7 19. Rb4 Rhg8 20. f3 Bf5 21.
Kf2 Rac8 22. Bd3 e5 23. Re1 Rc5 24. Bxf5 Qxf5 25. Qa4 Ra5 26. Qb3 Qg5 27. g3
Qd2+ 28. Re2 Qd4+ 29. Re3 f5 30. Ke2 f4 31. Rd3 Qg1 32. g4 e4 33. fxe4 Rxg4 0-1

[Event "Preferente Aragonesa 2022 - Grupo I"]
[Site "?"]
[Date "2022.01.29"]
[Round "1.42"]
[White "Moreno Burillo, Marcos Antonio"]
[Black "Abenia Porroche, Roberto"]
[Result "1/2-1/2"]
[WhiteElo "1690"]
[BlackElo "1670"]
[PlyCount "72"]
[EventDate "2022.01.29"]
[WhiteTeam "IberCaja B"]
[BlackTeam "Dr. Azua"]

1. d4 Nf6 2. c4 g6 3. Nc3 Bg7 4. e4 d6 5. Bd3 O-O 6. Nf3 Nbd7 7. O-O c6 8. Re1
e5 9. d5 cxd5 10. cxd5 a5 11. b3 Nc5 12. Ba3 Nfd7 13. Nb5 Qb6 14. Qc2 Nxd3 15.
Qxd3 Nc5 16. Qc4 Bg4 17. Nxd6 Na6 18. Qb5 Qxb5 19. Nxb5 Nb4 20. Bxb4 axb4 21.
Nd2 Bd7 22. Nc7 Ra5 23. Nc4 Rc5 24. d6 Rd8 25. Red1 Bc6 26. f3 Bf8 27. Rac1
Bxd6 28. Nd5 Bxd5 29. exd5 Bc7 30. d6 Bxd6 31. Nxd6 Rxc1 32. Rxc1 Rxd6 33. Rc5
Rd1+ 34. Kf2 Rd2+ 35. Kg3 Rxa2 36. Rb5 Rd2 1/2-1/2

[Event "Preferente Aragonesa 2022 - Grupo I"]
[Site "?"]
[Date "2022.01.29"]
[Round "1.43"]
[White "Molina Pastor, Francisco"]
[Black "Dominguez Bujeda, Jesus"]
[Result "1-0"]
[WhiteElo "1999"]
[BlackElo "2083"]
[PlyCount "63"]
[EventDate "2022.01.29"]
[WhiteTeam "Delicias B"]
[BlackTeam "Teruel"]

1. Nf3 Nf6 2. d4 d5 3. c4 dxc4 4. e3 e6 5. Bxc4 c5 6. O-O a6 7. a4 Nc6 8. Nc3
Be7 9. Qd3 O-O 10. Rd1 Qc7 11. dxc5 Rd8 12. Qe2 Rxd1+ 13. Qxd1 Bxc5 14. Bd2 Bd7
15. Rc1 Rd8 16. Qe2 Be8 17. h3 Qb6 18. Be1 h6 19. Ba2 Nb4 20. Bb1 Bd6 21. Nd2
Bb8 22. Nde4 Nxe4 23. Nxe4 Bxa4 24. Nf6+ Kh8 25. Qg4 Qd6 26. g3 Bd1 27. Qe4 g6
28. Bxb4 Qb6 29. Bc3 e5 30. Bxe5 Bxe5 31. Qxe5 Bf3 32. Nd7+ 1-0

[Event "Preferente Aragonesa 2022 - Grupo I"]
[Site "?"]
[Date "2022.01.29"]
[Round "1.44"]
[White "Martin Catalan, Juan Vicente"]
[Black "Gaspar Calvo, Luis Alberto"]
[Result "1-0"]
[WhiteElo "2002"]
[BlackElo "1835"]
[PlyCount "147"]
[EventDate "2022.01.29"]
[WhiteTeam "Teruel"]
[BlackTeam "Delicias B"]

1. d4 Nf6 2. Nf3 g6 3. Bf4 Bg7 4. e3 d6 5. h3 Nfd7 6. Be2 e5 7. Bh2 Nc6 8. O-O
O-O 9. c4 h6 10. Nc3 f5 11. Rc1 f4 12. dxe5 dxe5 13. Nd2 fxe3 14. fxe3 Qg5 15.
Nd5 Rxf1+ 16. Qxf1 Nb6 17. Ne4 Qf5 18. g4 Qxf1+ 19. Bxf1 Nxd5 20. cxd5 Nb4 21.
Rxc7 Nxd5 22. Bc4 Be6 23. Rc5 Rd8 24. Nc3 b6 25. Rxd5 Bxd5 26. Bxd5+ Kf8 27. e4
Ke7 28. Kg2 b5 29. Bg1 a6 30. Bc5+ Kf6 31. Kf3 Bf8 32. Bxf8 Rxf8 33. Bb7 Ke6+
34. Ke2 b4 35. Nd5 a5 36. Ba6 Kd6 37. Bd3 Kc5 38. Ke3 Rf7 39. Be2 a4 40. Bd3
Ra7 41. Nf6 Rf7 42. Ng8 Rh7 43. h4 Rh8 44. Ne7 g5 45. h5 Re8 46. Nf5 Rh8 47.
Be2 Rh7 48. Bd1 a3 49. b3 Rh8 50. Be2 Kb6 51. Bc4 Kc5 52. Bd5 Kb6 53. Ne7 Kc5
54. Nc6 Re8 55. Kd3 Rf8 56. Ke3 Rf1 57. Nxe5 Ra1 58. Bc4 Kb6 59. Nd3 Ka5 60.
Kd4 Rxa2 61. Kc5 Rd2 62. Nxb4 Rd6 63. e5 Rb6 64. Na2 Rc6+ 65. Kd5 Rc5+ 66. Kd6
Rc6+ 67. Kd7 Rc7+ 68. Kd8 Kb6 69. e6 Kb7 70. e7 Rc8+ 71. Kd7 Rc7+ 72. Ke6 Rc6+
73. Kf7 Rc7 74. Kf8 1-0

[Event "Preferente Aragonesa 2022 - Grupo I"]
[Site "?"]
[Date "2022.01.29"]
[Round "1.45"]
[White "Garcia Lopez, Antonio"]
[Black "Navarro Remon, Mario"]
[Result "0-1"]
[WhiteElo "1714"]
[BlackElo "1939"]
[PlyCount "86"]
[EventDate "2022.01.29"]
[WhiteTeam "Delicias B"]
[BlackTeam "Teruel"]

1. d4 Nf6 2. Nf3 g6 3. e3 Bg7 4. Bd3 c5 5. c3 b6 6. Qe2 O-O 7. O-O Bb7 8. e4
cxd4 9. cxd4 d6 10. Nc3 e6 11. Bg5 Qd7 12. Rac1 a6 13. Rfe1 Nc6 14. d5 exd5 15.
Bxf6 Bxf6 16. Nxd5 Bd8 17. Qe3 b5 18. Bc2 Rb8 19. a3 Ne5 20. Red1 Nc4 21. Qd4
Bxd5 22. Qxd5 Qg4 23. b3 Ne5 24. Nxe5 dxe5 25. Qxe5 Rc8 26. f3 Qh4 27. Qg3 Qxg3
28. hxg3 Bb6+ 29. Kf1 Be3 30. Ke2 Bxc1 31. Rxc1 Rc3 32. Kd2 Rfc8 33. g4 f6 34.
a4 Kf7 35. axb5 axb5 36. b4 Ke7 37. f4 R3c4 38. f5 Rxb4 39. fxg6 hxg6 40. e5
fxe5 41. Re1 Rd4+ 42. Bd3 Ke6 43. g5 Rcd8 0-1

[Event "Preferente Aragonesa 2022 - Grupo I"]
[Site "?"]
[Date "2022.01.29"]
[Round "1.46"]
[White "Arpa Pardos, Emilio"]
[Black "Martinez Blanco, Ruben"]
[Result "0-1"]
[WhiteElo "1877"]
[BlackElo "1051"]
[PlyCount "82"]
[EventDate "2022.01.29"]
[WhiteTeam "Teruel"]
[BlackTeam "Delicias B"]

1. Nf3 Nf6 2. c4 c5 3. Nc3 g6 4. d4 Bg7 5. e4 O-O 6. e5 Ne8 7. d5 d6 8. Bf4 Nd7
9. e6 fxe6 10. dxe6 Rxf4 11. exd7 Bxd7 12. Bd3 Nc7 13. h4 Bg4 14. Qd2 Qf8 15.
Ne2 Rf7 16. Ng3 Bxf3 17. gxf3 Rxf3 18. Be4 Rf7 19. h5 Bd4 20. Rh2 Qg7 21. hxg6
hxg6 22. O-O-O Raf8 23. Rdh1 Rxf2 24. Qg5 Be3+ 25. Qxe3 Qxb2+ 26. Kd1 Rxh2 27.
Rxh2 Qxh2 28. Qg5 Qg1+ 29. Kc2 Qf2+ 30. Kb3 Qf6 31. Qh6 Rf7 32. Ne2 Rh7 33. Qd2
Rh3+ 34. Ka4 Qf7 35. Bd3 Qe8+ 36. Kb3 b5 37. cxb5 c4+ 38. Kxc4 Qxb5+ 39. Kc3
Qa5+ 40. Kc2 Qxa2+ 41. Kc3 Nd5+ 0-1

[Event "Preferente Aragonesa 2022 - Grupo I"]
[Site "?"]
[Date "2022.01.29"]
[Round "1.47"]
[White "Planas Torrea, Francisco Javier"]
[Black "Flores Samperiz, Jorge"]
[Result "1-0"]
[WhiteElo "2076"]
[BlackElo "1939"]
[PlyCount "0"]
[EventDate "2022.01.29"]
[WhiteTeam "Ejea"]
[BlackTeam "Helios B"]

 
1. e4 d6 2. d4 Nf6 3. Nd2 g6 4. g3 Bg7 5. Bg2 O-O 6. Ngf3 c6 7. O-O Nbd7 
8. c3
Qc7 9. Re1 e5 10. dxe5 Nxe5 11. Nxe5 dxe5 12. Qc2 Rd8 13. Nf1 Be6 
14. Bg5 h6 15.
Be3 Rd7 16. Red1 Rad8 17. Rxd7 Nxd7 18. Rd1 Nb6 19. b3 Nc8 
20. c4 b6 21. c5 b5
22. a4 a6 23. axb5 cxb5 24. Rxd8+ Qxd8 25. b4 Ne7 
26. Qd2 Qxd2 27. Bxd2 Nc6 28.
Ne3 Bf8 29. Bf1 a5 30. bxa5 Bxc5 31. Nd5 Bxd5 
32. exd5 Nd4 33. Kg2 b4 34. a6 b3
35. Bd3 f5 36. d6 Kf7 37. d7 Nc6 38. Bb5 Nd8 
39. Be3 Bxe3 40. fxe3 e4 41. a7 b2
42. Bc4+ 1-0

[Event "Preferente Aragonesa 2022 - Grupo I"]
[Site "?"]
[Date "2022.01.29"]
[Round "1.48"]
[White "Carraminana Lopez, Luis Antonio"]
[Black "Planas Torrea, Alberto"]
[Result "1-0"]
[WhiteElo "1910"]
[BlackElo "1905"]
[PlyCount "0"]
[EventDate "2022.01.29"]
[WhiteTeam "Helios B"]
[BlackTeam "Ejea"]

1. e4 e5 2. Nf3 Nc6 3. Bc4 Nf6 4. d3 Bc5 5. c3 d6
6. O-O Bg4 7. Nbd2 O-O 8. h3 Bh5 9. g4 Bg6 10. Re1 Qd7 11. Nh4 d5 12. Bb3 Rad8
13. Qe2 dxe4 14. Nxg6 hxg6 15. dxe4 Qd3 16. Qxd3 Rxd3 17. Kg2 a6 18. Nf3 Re8
19. Bd2 Kf8 20. Rad1 Ng8 21. Ng5 Nd8 22. Bc1 Rd6 23. f4 Rxd1 24. Rxd1 Bd6 25.
fxe5 Bxe5 26. Rd7 Nh6 27. Nf3 Bd6 28. e5 Bc5 29. Rxc7 Bb6 30. Rd7 Re7 31. Rxe7
Kxe7 32. Nd4 Ng8 33. Kf3 f6 34. Bxg8 1-0

[Event "Preferente Aragonesa 2022 - Grupo I"]
[Site "?"]
[Date "2022.01.29"]
[Round "1.49"]
[White "Merin Flores, Miguel Angel"]
[Black "Lacamara Pasamar, Miguel"]
[Result "1/2-1/2"]
[WhiteElo "1710"]
[BlackElo "1769"]
[PlyCount "0"]
[EventDate "2022.01.29"]
[WhiteTeam "Ejea"]
[BlackTeam "Helios B"]


1. d4 Nf6 2. c4 c5 3. e3 e6 4. Nf3 d5 5. Nc3 a6 6. cxd5 exd5 7. Bd3 Nc6 
8. O-O
Bg4 9. Re1 cxd4 10. exd4+ Be7 11. Be2 O-O 12. h3 Bf5 13. Bf1 Nb4
 14. Nh4 Be4
15. Nxe4 Nxe4 16. Nf5 Bf6 17. a3 Nc6 18. Be3 Ng5 19. Rc1 Ne6 
20. Be2 g6 21.
Nh6+ Kh8 22. Bg4 Nexd4 23. h4 Bg7 24. h5 f5 25. Bf3 Nxf3+ 
26. Qxf3 f4 27. Bc5
Bxh6 28. Bxf8 Bxf8 29. hxg6 hxg6 30. Re6 Qg5 31. Rce1 Kg7 
32. Qb3 Ra7 33. Qb6
f3 34. Qc7+ Kg8 35. Qh2 Nd4 36. Re8 Qxg2+ 37. Qxg2 fxg2 
38. Kxg2 b5 39. Rd1 Kf7
40. Rd8 Ne6 41. Rc8 d4 42. Kf3 Rd7 43. Rc6 Rd6 
44. Rxd6 Bxd6 45. Ke4 Kf6 46.
Rc1 Nf4 47. Rc6 Ke6 48. Kxd4 a5 49. Ra6 a4 
50. Rb6 b4 51. axb4 Nd5 52. Ra6 Nxb4
53. Rxa4 Be5+ 54. Ke4 Nc6 55. b4 Nb8 
56. Ra8 g5 57. Ra5 Nd7 58. Ra6+ Bd6 59.
Rxd6+ Kxd6 60. Kf5 Ne5 
61. Kxg5 Nd3 1/2-1/2

[Event "Preferente Aragonesa 2022 - Grupo I"]
[Site "?"]
[Date "2022.01.29"]
[Round "1.50"]
[White "Gonzalez Azuara, Javier"]
[Black "Galvez Longas, Isaac"]
[Result "1-0"]
[WhiteElo "1704"]
[BlackElo "1702"]
[PlyCount "0"]
[EventDate "2022.01.29"]
[WhiteTeam "Helios B"]
[BlackTeam "Ejea"]

1. d4 Nf6 2. c4 e5 3. d5 Bc5 4. Nf3 d6 5. g3 Bg4
6. Bg2 Qc8 7. O-O Bh3 8. b4 Bxg2 9. Kxg2 Bb6 10. Nc3 a5 11. Na4 Nbd7 12. Bg5
axb4 13. Nxb6 Nxb6 14. Qb3 Nbd7 15. Qxb4 Ne4 16. Be3 Ndc5 17. Bxc5 Nxc5 18.
Nxe5 O-O 19. Nf3 Ra4 20. Qc3 Qg4 21. Rfc1 Rfa8 22. Qe3 Rxc4 23. Qe7 Rxc1 24.
Rxc1 Rc8 25. Ng5 Qd7 26. Qxd7 Nxd7 27. Ne4 Nb6 28. a4 f5 29. a5 Nxd5 30. Nxd6
Ra8 31. Nxb7 Ra7 32. Rc5 Rxb7 33. Rxd5 g6 34. Kf3 c6 35. Rc5 Rc7 36. Kf4 Kf7
37. Ke5 Ke7 38. h4 Kd7 39. h5 Rb7 40. hxg6 hxg6 41. a6 Ra7 42. Ra5 Kc7 43. Kf6
Kb6 44. Ra2 Rxa6 45. Rb2+ Kc5 46. Kxg6 Kd4 47. Kxf5 c5 48. Rc2 Ra8 49. e3+ 1-0